|
|
|
|
| LEADER |
00000naa2a2200000 4500 |
| 001 |
243404 |
| 005 |
20251218091659.0 |
| 035 |
|
|
|a (RuTPU)RU\TPU\book\264747
|
| 035 |
|
|
|a RU\TPU\book\264745
|
| 090 |
|
|
|a 243404
|
| 100 |
|
|
|a 20130926d2013 k y0rusy50 ca
|
| 101 |
0 |
|
|a rus
|
| 102 |
|
|
|a RU
|
| 135 |
|
|
|a drnn ---uucaa
|
| 181 |
|
0 |
|a i
|
| 182 |
|
0 |
|a b
|
| 200 |
1 |
|
|a Безударное переключение режимов из ручного на автоматический на примере САР уровня парового котла
|f С. В. Батяшов, Е. И. Громаков
|g науч. рук. Е. И. Громаков
|
| 203 |
|
|
|a Текст
|c электронный
|
| 225 |
1 |
|
|a Информатика и управление в технических системах
|
| 300 |
|
|
|a Заглавие с титульного экрана
|
| 320 |
|
|
|a [Библиогр.: с. 213 (3 назв.)]
|
| 337 |
|
|
|a Adobe Reader
|
| 461 |
|
1 |
|0 (RuTPU)RU\TPU\book\263794
|t Современные техника и технологии
|o сборник трудов XIX международной научно-практической конференции студентов, аспирантов и молодых ученых, Томск, 15-19 апреля 2013 г.
|o в 3 т.
|f Национальный исследовательский Томский политехнический университет (ТПУ)
|d 2013
|
| 463 |
|
1 |
|0 (RuTPU)RU\TPU\book\263797
|t Т. 2
|v [С. 212-213]
|d 2013
|
| 610 |
1 |
|
|a труды учёных ТПУ
|
| 610 |
1 |
|
|a электронный ресурс
|
| 610 |
1 |
|
|a режимы работы
|
| 610 |
1 |
|
|a ручное управление
|
| 610 |
1 |
|
|a автоматическое распределение
|
| 610 |
1 |
|
|a паровые котлы
|
| 700 |
|
1 |
|a Батяшов
|b С. В.
|
| 701 |
|
1 |
|a Громаков
|b Е. И.
|c специалист в области автоматизированных систем управления
|c доцент Томского политехнического университета, кандидат технических наук
|f 1943-
|g Евгений Иванович
|3 (RuTPU)RU\TPU\pers\25727
|9 11629
|
| 702 |
|
1 |
|a Громаков
|b Е. И.
|c специалист в области автоматизированных систем управления
|c доцент Томского политехнического университета, кандидат технических наук
|f 1943-
|g Евгений Иванович
|3 (RuTPU)RU\TPU\pers\25727
|4 727
|
| 712 |
0 |
2 |
|a Национальный исследовательский Томский политехнический университет (ТПУ)
|b Институт кибернетики (ИК)
|b Кафедра интегрированных компьютерных систем управления (ИКСУ)
|3 (RuTPU)RU\TPU\col\18701
|
| 801 |
|
2 |
|a RU
|b 63413507
|c 20130926
|g RCR
|
| 856 |
4 |
|
|u http://www.lib.tpu.ru/fulltext/c/2013/C01/V2/104.pdf
|
| 942 |
|
|
|c CF
|